000 01034cam a22002771i 4500
003 SA-RiAUC
005 20250113073426.0
008 250105s1993 ua g b 00000 ara c
020 _a9772151146
040 _aSA-RiAUC
_bara
_cSA-RiAUC
_erda
082 0 4 _a218
_qSA-RiAUC
090 _a218
_bد هـ ب
100 1 _aالدهبي، إدوار غالي،
_dتوفي 2012
_eمؤلف.
245 1 0 _aمعاملة غير المسلمين في المجتمع الإسلامي /
_cإدوار غالي الدهبي.
250 _aالطبعة الأولى.
264 1 _aالقاهرة :
_bمكتبة غريب،
_c1993
300 _a192 صفحة ؛
_c24 سم
336 _aنص
_btxt
_2rdacontent
_3كتاب
337 _aبدون وسيط
_bn
_2rdamedia
338 _aمجلد
_bnc
_2rdacarrier
504 _aببليوجرافية : صفحة 179-186.
650 7 _aأهل الذمة (فقه إسلامي)
_2aucsh
650 7 _aالإسلام والمجتمع
_2aucsh
942 _2ddc
_cBOOK
_n0
949 _aSA-JeALM
_d250105
_uosman123
_n1
999 _c4660
_d4660